000 00708nam a2200229 u 4500
005 20240910064150.0
008 080129s2006 r 000 0 eng d
020 _a9501265552
035 _aUPN01000153929
049 _aCG
050 4 _aBD436
_bC6.7
100 1 _aCopjec, Joan
245 1 3 _aEl sexo y la eutanasia de la razón :
_bensayos sobre el amor y la diferencia /
_cJoan Copjec ; tr. Gabriela Ubaldini.
260 _aBuenos Aires :
_bPaidós,
_c2006.
300 _a165 p.
440 0 _aEspacios del saber ;
_v55
534 _pTraducción de:
_tSex and the euthanasia of reason
650 0 _aAmor
_xFilosofía
_93042
650 7 _aOntología
_2
_913636
650 4 _aAmor
_94320
905 _aLibro
999 _c126050
_d126050